Catalog

Record Details

Catalog Search



An amazing snowman / by Barbara Jean Hicks ; ... Read More

Mosqueda, Olga T.,(illustrator.).

Available copies

  • 1 of 1 copy available at LARL/NWRL Consortium. (Show)
  • 1 of 1 copy available at Northwest Regional Library.

Current holds

0 current holds with 1 total copy.

Show Only Available Copies
Location Call Number / Copy Notes Barcode Shelving Location Status Due Date
Roseau Public Library E pb (Text) 35500006219305 Main Available -

Record details

  • ISBN: 9780545806886
  • ISBN: 0545806887
  • Physical Description: 1 volume (unpaged) : color illustrations ; 25 cm
  • Publisher: New York, NY : Scholastic Inc., [2014]
Subject: Snowmen > Juvenile fiction.
Imagination > Juvenile fiction.
Imagination.
Snowmen.
Genre: Fiction.
Juvenile works.
LDR 01359cam a2200361Ii 4500
001291671
003LARL_NWRL_CONSORTIUM
00520180706092443.0
008130708t20142014nyua j 000 1 eng d
040 . ‡aTRACS ‡beng ‡erda ‡cTRACS ‡dOCLCO ‡dOCLCA ‡dOCLCF ‡dOCLCQ ‡dOCLCO ‡dIEU ‡dOCLCA ‡dCD5 ‡dGD7 ‡dOCLCA ‡dOCLCQ ‡dNRG
020 . ‡a9780545806886 ‡q(softcover)
020 . ‡a0545806887 ‡q(softcover)
035 . ‡a(OCoLC)897449372
049 . ‡aNRGA
1001 . ‡aHicks, Barbara Jean, ‡eauthor. ‡0(LARL_NWRL_CONSORTIUM)120746
24513. ‡aAn amazing snowman / ‡cby Barbara Jean Hicks ; illustrated by Olga T. Mosqueda.
2461 . ‡iAt head of title: ‡aDisney Frozen
264 1. ‡aNew York, NY : ‡bScholastic Inc., ‡c[2014]
264 4. ‡c©2014
300 . ‡a1 volume (unpaged) : ‡bcolor illustrations ; ‡c25 cm
336 . ‡atext ‡btxt ‡2rdacontent
336 . ‡astill image ‡bsti ‡2rdacontent
337 . ‡aunmediated ‡bn ‡2rdamedia
338 . ‡avolume ‡bnc ‡2rdacarrier
650 0. ‡aSnowmen ‡vJuvenile fiction.
650 0. ‡aImagination ‡vJuvenile fiction. ‡0(LARL_NWRL_CONSORTIUM)169862
650 7. ‡aImagination. ‡2fast ‡0(LARL_NWRL_CONSORTIUM)178402
650 7. ‡aSnowmen. ‡2fast ‡0(LARL_NWRL_CONSORTIUM)41611
655 7. ‡aFiction. ‡2fast
655 7. ‡aJuvenile works. ‡2fast
7001 . ‡aMosqueda, Olga T., ‡eillustrator.
73002. ‡iBased on (work): ‡aFrozen (Motion picture : 2013 : Buck and Lee)
905 . ‡ubacont
901 . ‡a291671 ‡b ‡c291671 ‡tbiblio ‡soclc

Additional Resources